| 000 | 00708nam a22001577a 4500 | ||
|---|---|---|---|
| 003 | OSt | ||
| 005 | 20151009093259.0 | ||
| 008 | 151009b xxu||||| |||| 00| 0 eng d | ||
| 040 | _cRUA | ||
| 082 | _aAVM CHE 2008 B070 OR.1 | ||
| 100 |
_92416 _aCHEAM, VANNA. |
||
| 245 | _aTHE STUDY OF BUFFALO RAISING IN CHOUNG OUNG COMMUNE TEUK PHOSE DISTRICT, KAMPONG CHHNANG PROVINCE, កាេសិក្សាពីការចិញ្ចឹមក្របី ជាលក្ខណៈគ្រួសារ នៅឃុំចោមមោង ស្រុកទឹកផុស ខេត្តកំពង់ឆ្នាំង. | ||
| 260 |
_aphnom phen _bRUA _c2008 |
||
| 300 |
_aVIII,52p. _bILL. _c29CM. |
||
| 942 |
_2ddc _cAVM |
||
| 999 |
_c2273 _d2273 |
||